| 000 | 00554nam a2200205Ia 4500 | ||
|---|---|---|---|
| 003 | GCL | ||
| 008 | 140319s9999 xx 000 0 eng d | ||
| 040 |
_aGCL / _cGCL |
||
| 082 | 0 | 4 |
_a624.152 _bP R |
| 100 | 1 | _aPERSSON, PER - ANDERS | |
| 245 | 1 | 0 |
_aROCK BLASTING AND EXPLOSIVES ENGINEERING / _cPERSSON, PER - ANDERS |
| 700 | 1 | _aHOLMBERG, ROGER | |
| 700 | 1 | _aLEE, JAIMIN | |
| 260 |
_a[S.N] : _bCRC PRESS ، _c1993 |
||
| 300 | _a540 P | ||
| 650 | 0 | 4 | _aROCK BLASTING |
| 650 | 0 | 4 | _aROCK EXCAVATION |
| 650 | 0 | 4 | _aEXPLOSIVE ENGINEERING |
| 942 |
_2ddc _cBK |
||
| 999 |
_c10696 _d10696 |
||